Les films les plus célèbres sur la mafia - Statistiques

Statistiques générales
  • Ce quiz a été pris 454 fois
  • Le résultat moyen est 5 sur 15
Statistiques - réponses
Année Film % Correct
1972 Le P {Parrain}
88%
1972 Cosa {Nostra}
77%
1990 Les A {Affranchis}
74%
1984 Il était une {fois en Amérique}
47%
1987 Les I {Incorruptibles}
42%
1969 Le clan des {Siciliens}
39%
2006 Les I {Infiltrés}
37%
1993 Il était une {fois le Bronx}
23%
1982 Le Grand {Pardon}
14%
1993 L'I {Impasse}
9%
2007 La nuit {nous appartient}
7%
2019 Le T {Traitre}
6%
1990 Les Anges {de la nuit}
5%
1985 L'honneur {des Prizzi}
5%
1984 Cent {jours à Palerme}
2%
Aucun quiz correspondant
Distribution des résultats
% des personnes avec chaque résultat
Percentile par nombre de réponses
Votre historique - résultats
Vous n’avez pas pris ce quiz